Hacia un paradigma más realista sobre la evaluación de proyectos en los países centroamericanos /

Se propone un conjunto de premisas sobre la gestión de proyectos de desarrollo, fundamentales en observaciones de la planificación, realización, control y evaluación de proyectos. Estas premisas sirven como bases de un paradigma más realista sobre las términos de que deben guiar la evaluación de pro...

Mô tả đầy đủ

Đã lưu trong:
Chi tiết về thư mục
Tác giả chính: Crowther, Warren
Định dạng: Texto
Những chủ đề:
Các nhãn: Thêm thẻ
Không có thẻ, Là người đầu tiên thẻ bản ghi này!

MARC

LEADER 00000 a a2200000 04500
001 15304
003
040
100 |a Crowther, Warren  
245 |a Hacia un paradigma más realista sobre la evaluación de proyectos en los países centroamericanos /  |c Warren Crowther 
520 |a Se propone un conjunto de premisas sobre la gestión de proyectos de desarrollo, fundamentales en observaciones de la planificación, realización, control y evaluación de proyectos. Estas premisas sirven como bases de un paradigma más realista sobre las términos de que deben guiar la evaluación de proyectos, a diferencia del paradigma de ciclo de proyectos y de los protocolos usuales de evaluación, que no solamente distan mucho de la realidad, sino obvian los factores que más inciden en la viabilización y efectividad del proyecto y crean expectativas falsas sobre lo que debe representar  
650 |a EVALUACION DE PROYECTOS  
650 |a REVISION DE PROYECTOS  
650 |a DISEÑO DE PROYECTOS  
773 |g número 97 (III); páginas 31-45  
999 |c 25948  |d 25948 
773 0 |0 18728  |9 3040  |a Universidad de Costa Rica  |d San José, Costa Rica Editorial UCR 1956-  |o 17114  |t Revista de Ciencias Sociales/  |x 04825276